00538nam a22001817a 4500003000200000005001700002008004100019020002200060050002200082100002500104245004800129250001900177260006000196300003600256500001100292504004200303650001100345020250428102040.0230817b xxu||||| |||| 00| 0 eng d a978-621-409-186-7 aBF 199b.F73 2022 aFrando, Milagros F.  aUnderstanding the self cMilagros F. Frando aSecond edition aMandaluyong CitybBooks Atbp. Publishing Corp. cc2022. ax, 258 pages :bill. ;c23 cm.  aSelf.  aIncludes bibliographical references.  aSelf.